000
00264nam a22001217a 4500
008
170614b xxu||||| |||| 00| 0 eng d
041
_a
eng
080
_a
327
100
_a
19
101
_a
shp
245
_a
INTERNATIONAL NEGOTIATION
_c
FISHER, G
942
_2
udc
_c
BK
999
_c
17343
_d
17343